| 000 -LEADER |
| fixed length control field |
00413nam a22001697a 4500 |
| 008 - FIXED-LENGTH DATA ELEMENTS--GENERAL INFORMATION |
| fixed length control field |
210119b ||||| |||| 00| 0 eng d |
| 082 00 - DEWEY DECIMAL CLASSIFICATION NUMBER |
| Classification number |
621 |
| Item number |
T644 |
| 100 ## - MAIN ENTRY--PERSONAL NAME |
| 9 (RLIN) |
120 |
| Personal name |
Toft, Louis. |
| 245 10 - TITLE STATEMENT |
| Title |
Theory of machines |
| 250 ## - EDITION STATEMENT |
| Edition statement |
6th ed. |
| 260 ## - PUBLICATION, DISTRIBUTION, ETC. (IMPRINT) |
| Place of publication, distribution, etc |
London |
| Name of publisher, distributor, etc |
Pitman |
| Date of publication, distribution, etc |
1949 |
| 300 ## - PHYSICAL DESCRIPTION |
| Extent |
x,540 p. |
| 365 ## - TRADE PRICE |
| Unit of pricing |
27.00 |
| 650 #0 - SUBJECT ADDED ENTRY--TOPICAL TERM |
| Topical term or geographic name as entry element |
Machinery |
| 700 ## - ADDED ENTRY--PERSONAL NAME |
| 9 (RLIN) |
121 |
| Personal name |
Kersey, A. T. J. |
| 942 ## - ADDED ENTRY ELEMENTS (KOHA) |
| Item type |
Books |